1044 1493 1766 1416 1282 1256 1160 1755 1977 1573 1982 1472 1694 1066 1282 1856 1604 1929 1647 1016 1186 1932 1189 1490 1995 1240 1953 1195 1280 1782 1415 1888 1986 1389 1161 1562 1678 1694 1180 1033 1247 1150 1988 1845 1608 1830 1264 1042 1534 1883 1837 1043 1939 1382 1923 1294 1690 1368 1791 1945 1840 1423 1492 1353 1898 1722 1680 1248 1504 1738 1046 1595 1476 1413 1176 1666 1132 1120 1554 1650 1709 1185 1138 1007 1064 1068 1777 1848 1627 1519 1619 1820 1273 1375 1413 1278 1398 1512 1898 BCNSPRNW ULIB Ver.6.0+V

เปลี่ยนเป็นภาษาไทย

Change to English
 แสดงรายละเอียดบรรณานุกรม
  กลับหน้าหลัก

Brief Record : Get Marc (ISO 2709) : E-mail record : QR code < ปิดหน้าต่าง
LEADER : 00000nam 2200000uu 4500
001    13399110783
003     ULIB
008    110609s2553||||th 000 0 tha d
020    9789740325345
050  4 QA76^bศ452ส 2553 ล.2
100 0  ศิริชัย พงษ์วิชัย
245 10 สถิติเพื่อการวิจัยด้วยโปรแกรม R เล่ม 2 การทดสอบความสัมพันธ์ และน็อนพาราเมตริก/^cศิริชัย พงษ์วิชัย
250    พิมพ์ครั้งที่ 2
260    กรุงเทพฯ :^bสุพีเรียพริ้นติ้งเฮาส์,^c2553
300    522 หน้า :^bภาพประกอบ ;^c26 ซม.
650  7 โปรแกรม R (โปรแกรมคอมพิวเตอร์)
650  7 การประมวลผลข้อมูล
650  7 สถิติ^xการประมวลผลข้อมูล
650  7 สถิติ^xโปรแกรมคอมพิวเตอร์
945    ^p220^l0^i18262
995    กัณชพร
999    ^aใช้งานได้ทุกระบบ
รายการนี้ยังไม่มีแท็ก
คุณยังไม่ได้ล็อกอิน คุณสามารถมีกิจกรรมร่วมกับเว็บไซต์ได้ แต่ต้องล็อกอินก่อน ::
  ล็อกอิน

รายการสื่อสารสนเทศ

ลำดับที่ ประเภท เลขเรียก/บาร์โค้ด สถานที่ สถานะ
- ไม่พบข้อมูล -

รายการใกล้เคียง
    ผู้แต่ง [ศิริชัย พงษ์วิชัย]

    หัวเรื่อง [โปรแกรม R (โปรแกรมคอมพิวเตอร์)]
    หัวเรื่อง [การประมวลผลข้อมูล]

BibComment


ยังไม่เคยถูกคอมเมนท์

คอมเมนท์ทรัพยากรรายการนี้
  คอมเมนท์: สถิติเพื่อการวิจั..


 Copyright 2026. Bcnsprnw @Library